书目信息 |
| 书名: | Selected works of Mao Tse-tung | |
| 作者: | ||
| 分册号: | ||
| 分册名: | 出版地: | Peking : |
|
| 出版社: | Foreign Languages Press | |
| 出版时间: | 1961 . | |
| 页数: | 459 p. ; | |
| 开本: | 20 cm. | |
| 丛书名: | ||
| 中图分类号: | ||
| 科图分类号: | ||
| 其他分类号: | A4 | |
| 主题词: | ||
| 电子资源: | ||
| 000 | 00433nam 22000169i 450 | |
| 001 | 0200023296 | |
| 005 | 20070305110025.40 | |
| 008 | 991123m19619999 000 0 | |
| 041 | @aeng | |
| 090 | @aA41 | |
| 090 | @aA4 | |
| 099 | @dA4@ex4:4 | |
| 100 | 1 | @aMao Tse-tung. |
| 245 | 10 | @aSelected works of Mao Tse-tung.@nVol. 4. |
| 250 | @a1969(third printing). | |
| 260 | 1 | @aPeking :@bForeign Languages Press,@c1961 . |
| 300 | @a459 p. ;@c20 cm. | |
| Selected works of Mao Tse-tung.. Vol. 4.-1969(third printing).-Peking : : Foreign Languages Press, , 1961 . |
| 459 p. ; ; 20 cm. |
| ISBN |
| ● |
| 相关链接 |
|
|
|
|
正题名:Selected works of Mao Tse-tung
索取号:A4/x4:4
 
预约/预借
| 序号 | 登录号 | 条形码 | 馆藏地/架位号 | 状态 | 备注 |
| 1 | 000026 | 300000264 | 第四借阅区/ [索取号:A4/x4:4] | 在馆 |